| 000 | 00502nam a2200181 a 4500 | ||
|---|---|---|---|
| 005 | 20240911064552.0 | ||
| 008 | 991125s1971 bar 000 0 spa u | ||
| 035 | _aUPN01000008365 | ||
| 049 | _aCG | ||
| 050 | 4 |
_aHT609 _bL3.28 |
|
| 100 | 1 |
_aLaroque, Pierre, _d1907- |
|
| 245 | 1 | 4 |
_aLas clases sociales / _cPierre Laroque ; tr. J. Vilaseca. |
| 260 |
_aBarcelona, Esp. : _bOikos - Tau, _c1971. |
||
| 300 | _a127 p. | ||
| 440 | 0 |
_aQue sais-je ; _v42 |
|
| 650 | 7 |
_aClases sociales _2 _96922 |
|
| 905 | _aLibro | ||
| 999 |
_c8365 _d8365 |
||